=LDR 00000nam 2200000 4500 =001 INLIS000000000029097 =005 20130612131346 =008 ***********************************Ind** =035 ##$$0010-061300000029097 =041 ##$$a Ind =082 ##$$a 2x4 =090 ##$$a 2x4, Ass i =100 ##$$a As-Sadlan, Shalih Ghanim =245 ##$$a Intisari dengan jawaban praktis atas permasalahan fiqih sehari-hari, Shalih Bin Ghanim As-Sadlan Syikh Muhammad Shalih Al-Munajjid =260 ##$$a 2007 $b Surabaya =300 ##$$a 255 hlm, 21 cm =650 ##$$a Fiqih-Islam =850 ##$$a NBPNMAT